[Event "2025 Washington State Championship - Premier"]
[Site "Lakeside Upper School, 14050 1st Avenue NE, Seattle, WA, USA"]
[Date "2025.02.15"]
[Round "5"]
[Board "5"]
[White "Zhu, Jamie Zhongyun"]
[Black "Gavrish, Leonid"]
[Result "0-1"]
[WhiteElo "1976"]
[BlackElo "1919"]
[PlyCount "0"]
[EventDate "2025.02.08"]
[EventRounds "9"]
[EventCountry "USA"]

1. c4 Nf6 2. Nc3 c5 3. Nf3 g6 4. e4 Nc6 5. d4 cxd4 6. Nxd4 d6 7. f3 Nxd4 8. Qxd4
Bg7 9. Be3 O-O 10. Qd2 Be6 11. Rc1 a6 12. b3 Qa5 13. g4 Rfc8 14. g5 Nd7 15. Nd5 Qxd2+
16. Kxd2 Bxd5 17. exd5 b5 18. Bh3 Rd8 19. f4 b4 20. Rhe1 Bc3+ 21. Rxc3 bxc3+ 22.
Kxc3 a5 23. Bd4 Kf8 24. f5 Nc5 25. Bg4 Re8 26. Re3 Kg8 27. fxg6 hxg6 28. Rh3 f6 29.
Bxc5 dxc5 30. Bd7 Red8 31. Be6+ Kg7 32. gxf6+ exf6 33. Re3 f5 34. Kd3 Kf6 35. Ke2
a4 36. Kf3 axb3 37. axb3 Ra3 38. Kf2 Rb8 39. d6 Raxb3 40. Re1 Rb2+  0-1

[Event "2025 Washington State Championship - Premier"]
[Site "Lakeside Upper School, 14050 1st Avenue NE, Seattle, WA, USA"]
[Date "2025.02.15"]
[Round "6"]
[Board "2"]
[White "Larson, Gerald"]
[Black "Zhu, Jamie Zhongyun"]
[Result "1-0"]
[WhiteElo "1966"]
[BlackElo "1976"]
[PlyCount "50"]
[EventDate "2025.02.08"]
[EventRounds "9"]
[EventCountry "USA"]

1. e4 e5 2. Nf3 Nc6 3. Bb5 a6 4. Bxc6 dxc6 5. O-O Bg4 6. h3 h5 7. d3 Qf6 8. Nbd2
g5 9. Re1 Qg7 10. Nf1 Bxf3 11. Qxf3 g4 12. Qg3 gxh3 13. Qxg7 Bxg7 14. gxh3 Ne7 15.
Ne3 Kd7 16. Bd2 Bh6 17. Bc3 Rhg8+ 18. Kh1 Ke6 19. Rg1 Bf4 20. Rg2 Rg6 21. Rxg6+ fxg6
22. Ng2 Bh6 23. d4 Rf8 24. Rf1 Bg7 25. dxe5 g5 26. f4 g4 27. f5+ Nxf5 28. exf5+ Rxf5
29. Rxf5 Kxf5 30. hxg4+ hxg4 31. Ne3+ Kf4 32. Nxg4 Kxg4 33. e6 Bf8 34. Bf6 Kf3 35.
c3 Ke3 36. Kg2 Kd3 37. Kf3 b5 38. b4 c5 39. a3 Kc4 40. Ke3 c6 41. Kd2 Kb3 42. e7
Bxe7 43. Bxe7 c4 44. Bf6 Kxa3 45. Ke3 Kb3 46. Kd4 Ka4 47. Bd8 Kb3 48. Bh4 Kc2 49.
Bg3 Kd2 50. Be5  1-0

[Event "2025 Washington State Championship - Premier"]
[Site "Lakeside Upper School, 14050 1st Avenue NE, Seattle, WA, USA"]
[Date "2025.02.15"]
[Round "6"]
[Board "3"]
[White "Sprumont, Oscar"]
[Black "Rozenfeld, Yevgeniy"]
[Result "1/2-1/2"]
[WhiteElo "1959"]
[BlackElo "1947"]
[PlyCount "53"]
[EventDate "2025.02.08"]
[EventRounds "9"]
[EventCountry "USA"]

1. Nf3 Nf6 2. g3 g6 3. b3 Bg7 4. Bb2 c5 5. c4 d6 6. Bg2 e5 7. O-O O-O 8. d3 Nc6 9.
Nc3 Ne8 10. e3 Nc7 11. Qc2 Be6 12. Rfd1 f5 13. Ne2 Bd7 14. Ne1 Qe7 15. d4 cxd4 16.
exd4 e4 17. d5 Ne5 18. b4 Na6 19. Qb3 Rac8 20. Rac1 Qe8 21. Bxe5 Qxe5 22. Qa3 Qb2
23. Qxb2 Bxb2 24. Rb1 Be5 25. Rdc1 b5 26. Nf4 Rxc4 27. Rxc4 bxc4 28. Bf1 Rb8 29.
Nc2 Ba4 30. Ne3 Rxb4 31. Rxb4 Nxb4 32. Bxc4 Bxf4 33. gxf4 Kf7 34. Kf1 Nc2 35. Nxc2
Bxc2 36. Ke2 Ba4 37. Ba6 Ke7 38. Ke3 Kd7 39. Kd4 Kc7 40. Kc4 Bd7 41. Bb5 Bxb5+ 42.
Kxb5 Kb7 43. h4 a6+ 44. Kb4 Kb6 45. a3 Kc7 46. Ka5 Kb7 47. Ka4 Kb6 48. Kb4 h6 49.
a4 Kc7 50. Ka5 Kb7 51. Kb4 Kb6 52. Kc4 Ka5 53. Kb3 Kb6 1/2-1/2

[Event "2025 Washington State Championship - Premier"]
[Site "Lakeside Upper School, 14050 1st Avenue NE, Seattle, WA, USA"]
[Date "2025.02.15"]
[Round "6"]
[Board "5"]
[White "Gottumukkala, Ananth"]
[Black "Pupols, Viktors"]
[Result "1-0"]
[WhiteElo "2025"]
[BlackElo "1827"]
[PlyCount "48"]
[EventDate "2025.02.08"]
[EventRounds "9"]
[EventCountry "USA"]

1. e4 e6 2. d4 d5 3. e5 f5 4. Bd3 c5 5. c3 Nc6 6. Ne2 c4 7. Bc2 b5 8. Nf4 g6 9. Nd2
Nh6 10. Nf3 Nf7 11. h4 Be7 12. Be3 Bd7 13. b3 O-O 14. b4 a5 15. a3 axb4 16. axb4
Rxa1 17. Qxa1 Qa8 18. Qb2 Qa7 19. O-O Ra8 20. Bd2 Bc8 21. Kh2 Qd7 22. Rg1 Qd8 23.
g3 Kf8 24. g4 Bxh4 25. g5 Bxf2 26. Rg2 Nfxe5 27. dxe5 Bb6 28. Nd4 Bxd4 29. cxd4 Qb6
30. Bc3 Qa7 31. Bd1 Qa3 32. Qd2 Ne7 33. Kh1 Ra7 34. Rh2 Ng8 35. Rh3 Qa2 36. Bc2 Re7
37. Qh2 Qa7 38. Kg2 Rg7 39. Kf1 Qa3 40. Qd2 Ne7 41. Ke1 Kg8 42. Kd1 Nc6 43. Bxf5
exf5 44. Nxd5 f4 45. Nf6+ Kh8 46. e6 Nxb4 47. d5 Nd3 48. Nxh7  1-0

[Event "2025 Washington State Championship - Premier"]
[Site "Lakeside Upper School, 14050 1st Avenue NE, Seattle, WA, USA"]
[Date "2025.02.16"]
[Round "7"]
[Board "1"]
[White "Pupols, Viktors"]
[Black "Kona, Vidip"]
[Result "0-1"]
[WhiteElo "1827"]
[BlackElo "2157"]
[PlyCount "60"]
[EventDate "2025.02.08"]
[EventRounds "9"]
[EventCountry "USA"]

1. d4 Nf6 2. c4 e6 3. Nf3 d5 4. Nc3 Be7 5. g3 O-O 6. Bg2 Nbd7 7. O-O dxc4 8. e4 c6
9. a4 b6 10. Qe2 Ba6 11. b3 Bb4 12. Bb2 e5 13. Rad1 exd4 14. Nxd4 Qc8 15. Qe3 cxb3
16. Rfe1 Bc5 17. Qf4 Bxd4 18. Rxd4 Nc5 19. e5 Ne6 20. Qh4 Nxd4 21. exf6 Nf5 22. Qf4
Bd3 23. fxg7 Re8 24. Rxe8+ Qxe8 25. Be4 Qd7 26. Kg2 Re8 27. Qf3 Bxe4 28. Nxe4 Rxe4
29. Qxe4 Qd5 30. Kf3 Nd6  0-1

[Event "2025 Washington State Championship - Premier"]
[Site "Lakeside Upper School, 14050 1st Avenue NE, Seattle, WA, USA"]
[Date "2025.02.16"]
[Round "7"]
[Board "2"]
[White "Kuipers, Miles Yongkang"]
[Black "Gottumukkala, Ananth"]
[Result "0-1"]
[WhiteElo "1936"]
[BlackElo "2025"]
[PlyCount "62"]
[EventDate "2025.02.08"]
[EventRounds "9"]
[EventCountry "USA"]

1. e4 c5 2. Nf3 d6 3. b4 cxb4 4. d4 Nf6 5. Bd3 e6 6. O-O Be7 7. a3 bxa3 8. c3 Nc6
9. Re1 e5 10. Bxa3 O-O 11. d5 Nb8 12. Nbd2 Nh5 13. Qb3 Nf4 14. Bf1 b6 15. Nc4 Bg4
16. Nfd2 Qc7 17. Ne3 Bc8 18. Ndc4 Nd7 19. g3 Nh5 20. Nf5 Nc5 21. Bxc5 bxc5 22. Na5
g6 23. Nxe7+ Qxe7 24. Nc6 Qc7 25. Reb1 Nf6 26. f3 Bd7 27. Ra6 Kg7 28. Qb7 Qxb7 29.
Rxb7 Bc8 30. Raxa7 Bxb7 31. Rxb7 Ra3  0-1

[Event "2025 Washington State Championship - Premier"]
[Site "Lakeside Upper School, 14050 1st Avenue NE, Seattle, WA, USA"]
[Date "2025.02.16"]
[Round "7"]
[Board "3"]
[White "Rozenfeld, Yevgeniy"]
[Black "Vijayakumar, Advaith"]
[Result "0-1"]
[WhiteElo "1947"]
[BlackElo "2204"]
[PlyCount "76"]
[EventDate "2025.02.08"]
[EventRounds "9"]
[EventCountry "USA"]

1. e4 e5 2. Nf3 Nc6 3. Bc4 d6 4. c3 f5 5. d3 f4 6. d4 Qe7 7. dxe5 dxe5 8. h4 Nf6
9. Ng5 Nd8 10. Nd2 h6 11. Ngf3 g6 12. a4 Ng4 13. b4 Qf6 14. Qe2 Be7 15. Ba3 Kf8 16.
Nf1 a5 17. b5 Bxa3 18. Rxa3 Kg7 19. Ra1 Qe7 20. N1h2 Nf6 21. O-O Nf7 22. Rfd1 Be6
23. Nd2 Rhd8 24. Nhf3 Bg4 25. Bb3 Nd6 26. Re1 Nd7 27. g3 Rf8 28. Rf1 Rf6 29. Bc2
Raf8 30. Qd3 Be6 31. Bb3 Nc5 32. Qc2 Nxb3 33. Nxb3 fxg3 34. Nbd2 Rxf3 35. Nxf3 Rxf3
36. fxg3 Rxg3+ 37. Kf2 Qxh4 38. Ke2 Rg2+  0-1

[Event "2025 Washington State Championship - Premier"]
[Site "Lakeside Upper School, 14050 1st Avenue NE, Seattle, WA, USA"]
[Date "2025.02.16"]
[Round "7"]
[Board "4"]
[White "Zhu, Jamie Zhongyun"]
[Black "Sprumont, Oscar"]
[Result "1/2-1/2"]
[WhiteElo "1976"]
[BlackElo "1959"]
[PlyCount "37"]
[EventDate "2025.02.08"]
[EventRounds "9"]
[EventCountry "USA"]

1. c4 c5 2. Nc3 Nc6 3. g3 g6 4. Bg2 Bg7 5. d3 e6 6. h4 h5 7. Bg5 Qa5 8. Qc1 Nge7
9. Bd2 Qc7 10. Nh3 d6 11. Nf4 a6 12. Ne4 b5 13. Bc3 e5 14. O-O O-O 15. Nd5 Nxd5 16.
cxd5 Nd4 17. Bxd4 exd4 18. Qf4 Be5 19. Qh6  1/2-1/2

[Event "2025 Washington State Championship - Premier"]
[Site "Lakeside Upper School, 14050 1st Avenue NE, Seattle, WA, USA"]
[Date "2025.02.16"]
[Round "7"]
[Board "5"]
[White "Gavrish, Leonid"]
[Black "Larson, Gerald"]
[Result "1-0"]
[WhiteElo "1919"]
[BlackElo "1966"]
[PlyCount "57"]
[EventDate "2025.02.08"]
[EventRounds "9"]
[EventCountry "USA"]

1. d4 Nf6 2. c4 g6 3. Nc3 d5 4. Bg5 Ne4 5. Bh4 Nxc3 6. bxc3 dxc4 7. e3 Be6 8. Qb1
c5 9. Qxb7 Nd7 10. Nf3 Bg7 11. Be2 Rb8 12. Qxa7 Bd5 13. Qa3 Ra8 14. Qc1 O-O 15. O-O
Nb6 16. Nd2 Ra7 17. Bf3 cxd4 18. cxd4 Bxf3 19. Nxf3 Qa8 20. Qc2 f5 21. Rfb1 Qc6 22.
Bg3 Rc8 23. h4 Nd5 24. a4 Rca8 25. a5 Rxa5 26. Rxa5 Rxa5 27. Rb8+ Kf7 28. Ng5+ Kf6
29. Be5#  1-0

[Event "2025 Washington State Championship - Premier"]
[Site "Lakeside Upper School, 14050 1st Avenue NE, Seattle, WA, USA"]
[Date "2025.02.16"]
[Round "8"]
[Board "1"]
[White "Kona, Vidip"]
[Black "Larson, Gerald"]
[Result "1-0"]
[WhiteElo "2157"]
[BlackElo "1966"]
[PlyCount "101"]
[EventDate "2025.02.08"]
[EventRounds "9"]
[EventCountry "USA"]

1. Nf3 Nf6 2. c4 g6 3. b4 Bg7 4. Bb2 O-O 5. g3 c6 6. Bg2 d5 7. cxd5 cxd5 8. O-O Na6
9. a3 b6 10. d3 Bb7 11. Nbd2 Rc8 12. Qb3 Nb8 13. Rfd1 Nbd7 14. Ne5 Nxe5 15. Bxe5
Qd7 16. Qb2 Rfd8 17. Nb3 Ne8 18. Bxg7 Nxg7 19. h4 Re8 20. Kh2 e5 21. Bh3 f5 22. e4
Qf7 23. Re1 d4 24. Nd2 Rc3 25. Nc4 Qf6 26. Qa2 Kh8 27. exf5 gxf5 28. Qd2 b5 29. Na5
Bd5 30. a4 Rec8 31. Qe2 e4 32. dxe4 Bxe4 33. axb5 Rc2 34. Qf1 R8c3 35. Bg2 d3 36.
Rad1 Qd4 37. Re3 Qxb4 38. Nc6 Qc5 39. Qe1 Rc1 40. Rxc1 Rxc1 41. Qa5 Qd6 42. Qxa7
h5 43. Bxe4 fxe4 44. Ne7 Qd8 45. Rxe4 Rc7 46. Qe3 Qd6 47. Qf3 Qd8 48. Nc6 Qd6 49.
Rd4 Rxc6 50. Rxd6 Rxd6 51. Qf8+  1-0

[Event "2025 Washington State Championship - Premier"]
[Site "Lakeside Upper School, 14050 1st Avenue NE, Seattle, WA, USA"]
[Date "2025.02.16"]
[Round "8"]
[Board "2"]
[White "Sprumont, Oscar"]
[Black "Gavrish, Leonid"]
[Result "1-0"]
[WhiteElo "1959"]
[BlackElo "1919"]
[PlyCount "103"]
[EventDate "2025.02.08"]
[EventRounds "9"]
[EventCountry "USA"]

1. Nf3 Nf6 2. g3 g6 3. Bg2 Bg7 4. c4 c5 5. Nc3 O-O 6. O-O Nc6 7. d4 cxd4 8. Nxd4
Ng4 9. e3 d6 10. b3 Nxd4 11. exd4 Nh6 12. Bb2 Nf5 13. Nd5 Rb8 14. a4 Bd7 15. Re1
e6 16. Ne3 Nxe3 17. Rxe3 Bc6 18. Qd2 Bxg2 19. Kxg2 d5 20. c5 b6 21. b4 bxc5 22. bxc5
Bh6 23. f4 g5 24. Rf3 gxf4 25. gxf4 Kh8 26. Bc1 Qf6 27. Raa3 Qf5 28. Qd3 Rg8+ 29.
Rg3 Qxd3 30. Raxd3 Bg7 31. Ba3 Bh6 32. Rxg8+ Kxg8 33. Kf3 Kf8 34. c6+ Ke8 35. Bd6
Rc8 36. Rc3 Bf8 37. Bxf8 Kxf8 38. Kg4 f6 39. f5 Ke7 40. fxe6 Kxe6 41. c7 h5+ 42.
Kf4 h4 43. h3 Kd6 44. Kf5 Ke7 45. a5 Kd6 46. Kxf6 Rxc7 47. Rxc7 Kxc7 48. Ke6 Kc6
49. Ke5 Kb5 50. Kxd5 Kxa5 51. Kc5 Ka4 52. Kc6  1-0

[Event "2025 Washington State Championship - Premier"]
[Site "Lakeside Upper School, 14050 1st Avenue NE, Seattle, WA, USA"]
[Date "2025.02.16"]
[Round "8"]
[Board "3"]
[White "Vijayakumar, Advaith"]
[Black "Zhu, Jamie Zhongyun"]
[Result "1/2-1/2"]
[WhiteElo "2204"]
[BlackElo "1976"]
[PlyCount "76"]
[EventDate "2025.02.08"]
[EventRounds "9"]
[EventCountry "USA"]

1. Nf3 Nf6 2. d4 g6 3. e3 Bg7 4. Be2 O-O 5. O-O d6 6. b3 c5 7. Bb2 cxd4 8. Nxd4 Nc6
9. c4 Nxd4 10. Bxd4 Bd7 11. Bf3 Bc6 12. Bxc6 bxc6 13. Nd2 c5 14. Bc3 Qc7 15. Qc2
Qc6 16. Rfd1 Rfd8 17. e4 Nh5 18. Nb1 Nf4 19. Bxg7 Kxg7 20. Nc3 Ne6 21. Ne2 Qb6 22.
Qc3+ f6 23. f4 Qb7 24. Qe3 Rd7 25. h4 a5 26. f5 Nd4 27. Nxd4 cxd4 28. Qxd4 a4 29.
Qe3 Ra5 30. fxg6 hxg6 31. Rd5 Qa6 32. Rf1 axb3 33. axb3 Qa7 34. Qxa7 Raxa7 35. Rb5
Ra2 36. Rf2 Ra1+ 37. Rf1 Ra2 38. Rf2 Ra1+  1/2-1/2

[Event "2025 Washington State Championship - Premier"]
[Site "Lakeside Upper School, 14050 1st Avenue NE, Seattle, WA, USA"]
[Date "2025.02.16"]
[Round "8"]
[Board "4"]
[White "Gottumukkala, Ananth"]
[Black "Rozenfeld, Yevgeniy"]
[Result "1-0"]
[WhiteElo "2025"]
[BlackElo "1947"]
[PlyCount "73"]
[EventDate "2025.02.08"]
[EventRounds "9"]
[EventCountry "USA"]

1. e4 c5 2. Nf3 e6 3. d4 cxd4 4. Nxd4 a6 5. Bd3 Nf6 6. O-O Qc7 7. Qe2 d6 8. c4 g6
9. Nc3 Bg7 10. Be3 O-O 11. Rac1 b6 12. Rfd1 Bb7 13. f3 Nc6 14. Qd2 Rfe8 15. Nd5 exd5
16. cxd5 Nxd5 17. exd5 Rxe3 18. Qxe3 Qe7 19. Qxe7 Bxd4+ 20. Kh1 Nxe7 21. Rc7 Bxd5
22. Rxe7 Bxa2 23. Bc4 Bf6 24. Rxf7 Bxc4 25. Rxf6 d5 26. Rxb6 Re8 27. b3 Bb5 28. h3
Kg7 29. Rxd5 Re1+ 30. Kh2 Rb1 31. h4 Rxb3 32. Rb7+ Kh6 33. Rd6 Rc3 34. Rd8 Bd3 35.
g4 g5 36. Rd6+ Bg6 37. h5  1-0

[Event "2025 Washington State Championship - Premier"]
[Site "Lakeside Upper School, 14050 1st Avenue NE, Seattle, WA, USA"]
[Date "2025.02.16"]
[Round "8"]
[Board "5"]
[White "Pupols, Viktors"]
[Black "Kuipers, Miles Yongkang"]
[Result "0-1"]
[WhiteElo "1827"]
[BlackElo "1936"]
[PlyCount "100"]
[EventDate "2025.02.08"]
[EventRounds "9"]
[EventCountry "USA"]

1. d4 g6 2. c4 Bg7 3. Nc3 c5 4. d5 d6 5. e4 Nf6 6. Nf3 O-O 7. Be2 e5 8. O-O Nbd7
9. Ne1 Ne8 10. Nd3 f5 11. f3 f4 12. g4 h5 13. gxh5 Qg5+ 14. Kh1 Qxh5 15. Rf2 Nb6
16. b3 Bf6 17. Qg1 Kf7 18. Rg2 Bh3 19. Nf2 Bxg2+ 20. Qxg2 Bh4 21. Ng4 Be1 22. Bb2
Bxc3 23. Bxc3 Nd7 24. Rf1 Nef6 25. Kg1 Rh8 26. Be1 Rh7 27. h4 g5 28. Qh3 Rah8 29.
Kh2 Nxg4+ 30. fxg4 Qg6 31. h5 Qf6 32. Bf3 Qd8 33. Qg2 Nf6 34. Rg1 a6 35. Qe2 Qd7
36. Rg2 b5 37. Kg1 Rb8 38. Qc2 Kg7 39. Kf1 Kh6 40. Kg1 Qc8 41. Bc3 bxc4 42. bxc4
Rhb7 43. Kh2 Rb1 44. Qd3 Qd7 45. Bd1 Rc1 46. Rg1 Rbb1 47. Qf3 Rxd1 48. Rxd1 Rxd1
49. Qxd1 Nxg4+ 50. Kg1 Ne3  0-1

[Event "2025 Washington State Championship - Premier"]
[Site "Lakeside Upper School, 14050 1st Avenue NE, Seattle, WA, USA"]
[Date "2025.02.17"]
[Round "9"]
[Board "1"]
[White "Kuipers, Miles Yongkang"]
[Black "Kona, Vidip"]
[Result "1/2-1/2"]
[WhiteElo "1936"]
[BlackElo "2157"]
[PlyCount "100"]
[EventDate "2025.02.08"]
[EventRounds "9"]
[EventCountry "USA"]

1. e4 c6 2. d4 d5 3. e5 Bf5 4. Nc3 e6 5. g4 Bg6 6. Nge2 f6 7. Nf4 fxe5 8. dxe5 Bf7
9. Bg2 Ne7 10. Qe2 Qc7 11. Nd3 Nd7 12. Bf4 h5 13. h3 hxg4 14. hxg4 Rxh1+ 15. Bxh1
O-O-O 16. O-O-O a6 17. Bg3 Bg6 18. Nf4 Bf7 19. Nd3 Bg6 20. Nf4 Bf7 21. Nd3 Kb8 22.
Kb1 Nc8 23. f4 Ncb6 24. f5 Nc4 25. Ka1 Qa5 26. Be1 Qc7 27. Bg3 Re8 28. b3 Ncb6 29.
Qh2 a5 30. g5 Nc5 31. g6 Bg8 32. f6 Nxd3 33. Rxd3 Bc5 34. f7 Bxf7 35. gxf7 Qxf7 36.
Bf3 Rf8 37. Bf2 Nd7 38. Nd1 Bxf2 39. Nxf2 Qf5 40. Ng4 Qg5 41. Kb1 Rxf3 42. Rxf3 Qxg4
43. Rf1 Qe4 44. Qh8+ Ka7 45. Qd8 Nb6 46. Qc7 Qe2 47. Rg1 g5 48. a4 Qf2 49. Rh1 Qf3
50. Rg1 Qf2  1/2-1/2

[Event "2025 Washington State Championship - Premier"]
[Site "Lakeside Upper School, 14050 1st Avenue NE, Seattle, WA, USA"]
[Date "2025.02.17"]
[Round "9"]
[Board "2"]
[White "Rozenfeld, Yevgeniy"]
[Black "Pupols, Viktors"]
[Result "1-0"]
[WhiteElo "1947"]
[BlackElo "1827"]
[PlyCount "127"]
[EventDate "2025.02.08"]
[EventRounds "9"]
[EventCountry "USA"]

1. e4 c6 2. d4 d5 3. Nd2 dxe4 4. Nxe4 Bf5 5. Ng3 Bg6 6. N1e2 Nf6 7. h4 h6 8. Nf4
Bh7 9. Bc4 e6 10. O-O Bd6 11. c3 O-O 12. h5 Nd5 13. Qg4 Nxf4 14. Bxf4 Bxf4 15. Qxf4
Nd7 16. Ne4 Nb6 17. Bb3 Nd5 18. Qf3 Qa5 19. Nd6 Qc7 20. Ne4 Qf4 21. Qxf4 Nxf4 22.
Ng3 Rfd8 23. Rfe1 Kf8 24. Re3 Nd5 25. Rf3 Nf6 26. Re1 c5 27. dxc5 Rac8 28. Rd1 Rxd1+
29. Bxd1 Rxc5 30. Re3 Rd5 31. Bf3 Rd2 32. Re2 Rd1+ 33. Kh2 Rd7 34. Re1 Ke7 35. Nf1
b6 36. Kg3 Bd3 37. Nd2 Ba6 38. Nb3 Bb7 39. Bxb7 Rxb7 40. Kh4 Nd7 41. Nd4 Rc7 42.
f4 Rc5 43. g4 b5 44. Kg3 Nb6 45. Kf3 a6 46. Re2 Kd6 47. Ke4 Nd5 48. Rd2 Nf6+ 49.
Kf3 Ke7 50. Re2 Kf8 51. Rxe6 b4 52. Re5 Rxe5 53. fxe5 bxc3 54. bxc3 Nd7 55. Ke4 Nb6
56. Nf5 Kg8 57. Kd4 Kh7 58. c4 g6 59. Nd6 Kg7 60. c5 Na8 61. Kd5 f5 62. gxf5 gxh5
63. Kc6 h4 64. Ne4  1-0

[Event "2025 Washington State Championship - Premier"]
[Site "Lakeside Upper School, 14050 1st Avenue NE, Seattle, WA, USA"]
[Date "2025.02.17"]
[Round "9"]
[Board "3"]
[White "Zhu, Jamie Zhongyun"]
[Black "Gottumukkala, Ananth"]
[Result "0-1"]
[WhiteElo "1976"]
[BlackElo "2025"]
[PlyCount "62"]
[EventDate "2025.02.08"]
[EventRounds "9"]
[EventCountry "USA"]

1. c4 Nf6 2. Nc3 g6 3. e4 d6 4. d4 Bg7 5. h3 O-O 6. Be3 Nc6 7. d5 Ne5 8. f4 Ned7
9. Nge2 c6 10. Ng3 Qc7 11. Bd3 b6 12. O-O Bb7 13. Rc1 Rfe8 14. Qd2 a5 15. Na4 Nc5
16. Nxc5 bxc5 17. Be2 cxd5 18. cxd5 e6 19. Bb5 exd5 20. Bxe8 Rxe8 21. e5 Nd7 22.
b4 axb4 23. Qxb4 Qc6 24. Qb2 dxe5 25. fxe5 Bxe5 26. Qf2 f6 27. Bxc5 Nxc5 28. Rxc5
Bxg3 29. Qd4 Be5 30. Qb4 Qd7 31. Rb5 Ba6  0-1

[Event "2025 Washington State Championship - Premier"]
[Site "Lakeside Upper School, 14050 1st Avenue NE, Seattle, WA, USA"]
[Date "2025.02.17"]
[Round "9"]
[Board "4"]
[White "Gavrish, Leonid"]
[Black "Vijayakumar, Advaith"]
[Result "1/2-1/2"]
[WhiteElo "1919"]
[BlackElo "2204"]
[PlyCount "117"]
[EventDate "2025.02.08"]
[EventRounds "9"]
[EventCountry "USA"]

1. d4 Nf6 2. c4 e6 3. Nc3 Bb4 4. e3 O-O 5. Bd3 Re8 6. Nge2 d5 7. cxd5 exd5 8. a3
Bd6 9. Nb5 Bf8 10. O-O b6 11. Ng3 a6 12. Nc3 Bb7 13. b4 Nbd7 14. Qc2 g6 15. Rb1 Bg7
16. f3 Nf8 17. Qf2 Qd7 18. Bd2 Ne6 19. Nge2 Bf8 20. Qh4 Be7 21. Qh3 c5 22. Be1 Rac8
23. Bf2 cxd4 24. exd4 Nf4 25. Qxd7 Nxd7 26. Rfd1 Nxd3 27. Rxd3 Bd6 28. Bg3 Bxg3 29.
hxg3 g5 30. g4 Bc6 31. a4 Nf6 32. Ng3 Bd7 33. Kf2 Kg7 34. Rb3 Kg6 35. Re3 Rxe3 36.
Kxe3 Be6 37. Nce2 Bd7 38. b5 axb5 39. axb5 Ne8 40. Nc3 Nc7 41. Ra3 Nxb5 42. Nxb5
Bxb5 43. Rb3 Bd7 44. Rxb6+ Be6 45. Kd2 Rc4 46. Ne2 h5 47. gxh5+ Kxh5 48. g4+ Kg6
49. Kd3 Kf6 50. Nc3 Ke7 51. Rb7+ Kd6 52. Rb6+ Kd7 53. Ra6 Rc6 54. Rxc6 Kxc6 55. Ke3
f5 56. gxf5 Bxf5 57. Ne2 Kb5 58. Ng3 Bg6 59. f4  1/2-1/2

[Event "2025 Washington State Championship - Premier"]
[Site "Lakeside Upper School, 14050 1st Avenue NE, Seattle, WA, USA"]
[Date "2025.02.17"]
[Round "9"]
[Board "5"]
[White "Larson, Gerald"]
[Black "Sprumont, Oscar"]
[Result "1/2-1/2"]
[WhiteElo "1966"]
[BlackElo "1959"]
[PlyCount "72"]
[EventDate "2025.02.08"]
[EventRounds "9"]
[EventCountry "USA"]

1. e4 e5 2. Nf3 Nc6 3. Bb5 f5 4. d3 fxe4 5. dxe4 Nf6 6. O-O Bc5 7. Nc3 d6 8. Qd3
Bd7 9. a3 Nd4 10. Nxd4 Bxd4 11. Ne2 Bb6 12. Bc4 Qe7 13. Be3 Be6 14. Bxb6 Bxc4 15.
Qxc4 axb6 16. Ng3 Qf7 17. Qe2 O-O 18. Rad1 Kh8 19. Rd3 Ra4 20. f3 Nh5 21. Nxh5 Qxh5
22. Rc3 Qf7 23. Rd1 Rfa8 24. Rd5 Kg8 25. Qd2 h6 26. Rb3 Kf8 27. Rb4 R4a5 28. Rc4
Ke8 29. Kf2 Kf8 30. Rxa5 Rxa5 31. Rc3 Rc5 32. Rxc5 bxc5 33. Qd5 Qf4 34. Qxb7 Qd2+
35. Kg3 Qg5+ 36. Kf2 Qd2+  1/2-1/2